[Event "Titled Tue 10th Jun Late"]
[Site "chess.com INT"]
[Date "2025.06.10"]
[Round "9"]
[White "Cigan, Jason"]
[Black "Slate, Kent"]
[Result "0-1"]
[WhiteElo "2123"]
[BlackElo "2082"]
[WhiteFideId "2064022"]
[BlackFideId "30961564"]
[EventDate "2025.06.10"]

1. d4 Nf6 2. c4 b6 3. f3 d6 4. e4 Bb7 5. Nc3 Nbd7 6. Bd3 g6 7. Nge2 Bg7 8. Be3
e6 9. Qd2 h5 10. O-O-O Qe7 11. Kb1 O-O-O 12. Bg5 Kb8 13. Rhe1 Qf8 14. Nf4 Bh6
15. Bxh6 Qxh6 16. e5 dxe5 17. dxe5 g5 18. Nh3 Nc5 19. Qxg5 Nxd3 20. Re3 Qh7 21.
Ka1 Nb4 22. Rxd8+ Rxd8 23. b3 Nc2+ 24. Kb2 Nxe3 25. Qxf6 Qd3 26. Nf4 Qd2+ 27.
Ka3 Nc2+ 28. Ka4 Bc6+ 29. Nb5 Qa5# 0-1

[Event "Titled Tue 10th Jun Late"]
[Site "chess.com INT"]
[Date "2025.06.10"]
[Round "9"]
[White "Hariharan, Shambavi"]
[Black "Dambaev, Dashi"]
[Result "1-0"]
[WhiteTitle "WCM"]
[BlackTitle "CM"]
[WhiteElo "1936"]
[BlackElo "2211"]
[WhiteFideId "488160"]
[BlackFideId "55628494"]
[EventDate "2025.06.10"]

1. Nf3 d6 2. g3 e5 3. d3 f5 4. Bg2 Nf6 5. O-O Be7 6. Nbd2 O-O 7. Re1 Nc6 8. e4
Qe8 9. h3 Kh8 10. exf5 Bxf5 11. Ne4 Nxe4 12. dxe4 Be6 13. Be3 Qh5 14. Nd2 Qg6
15. Qe2 Bg5 16. c3 Bxe3 17. Qxe3 Rf6 18. Rf1 Raf8 19. b3 Qh5 20. h4 a6 21. Rae1
Ne7 22. Qe2 Bg4 23. f3 Be6 24. Rf2 Rh6 25. Nf1 g5 26. hxg5 Qxg5 27. Qe3 Qh5 28.
f4 Bh3 29. Bxh3 Qxh3 30. Rh2 Qe6 31. f5 Rxh2 32. fxe6 Rxa2 33. Re2 Ra3 34. Rf2
Rg8 35. Qh6 1-0

[Event "Titled Tue 10th Jun Late"]
[Site "chess.com INT"]
[Date "2025.06.10"]
[Round "9"]
[White "Baltabaev, Temirlan"]
[Black "Garzon Zapatanga, Christopher Leonel"]
[Result "1-0"]
[WhiteTitle "FM"]
[BlackTitle "FM"]
[WhiteElo "2295"]
[BlackElo "2155"]
[WhiteFideId "4112172"]
[BlackFideId "3634787"]
[EventDate "2025.06.10"]

1. d4 Nf6 2. Nf3 g6 3. g3 Bg7 4. Bg2 O-O 5. O-O d6 6. c4 Nc6 7. Nc3 Bg4 8. d5
Na5 9. Nd2 c5 10. Qc2 a6 11. h3 Bd7 12. b3 b5 13. Bb2 Rb8 14. Rab1 e6 15. Rfd1
Qc7 16. dxe6 Bxe6 17. Nde4 Nxe4 18. Nxe4 bxc4 19. Bxg7 Kxg7 20. Qc3+ f6 21. Rxd6
Rbe8 22. Rxa6 Nc6 23. Nxc5 Nd8 24. Nxe6+ Nxe6 25. Qxc4 Qe5 26. b4 Nd4 27. e3 Nf5
28. Qc5 Qb8 29. Ra7+ Rf7 30. Rxf7+ Kxf7 31. Rc1 Re7 32. b5 Nxg3 33. fxg3 Qxg3
34. Qd5+ Kg7 35. Qf3 Qd6 36. Rc6 Qe5 37. b6 Qa1+ 38. Kh2 Qe5+ 39. Qg3 Qb2 40.
Rc7 Kf7 41. Rxe7+ Kxe7 42. Qc7+ Ke6 43. b7 1-0

[Event "Titled Tue 10th Jun Late"]
[Site "chess.com INT"]
[Date "2025.06.10"]
[Round "9"]
[White "Wu, Derek"]
[Black "Guha, Eshan"]
[Result "1-0"]
[WhiteTitle "FM"]
[WhiteElo "2232"]
[BlackElo "2071"]
[WhiteFideId "30914558"]
[BlackFideId "30958628"]
[EventDate "2025.06.10"]

1. d4 Nf6 2. c4 c5 3. d5 b5 4. cxb5 a6 5. e3 g6 6. Nc3 Bg7 7. Nf3 O-O 8. e4 Bb7
9. a4 e6 10. dxe6 fxe6 11. Bd3 axb5 12. Nxb5 Nxe4 13. O-O Na6 14. Qe2 d5 15.
Bxe4 dxe4 16. Ng5 Qd5 17. Be3 h6 18. Rad1 Qe5 19. Nd6 Bc6 20. Nc4 Qf5 21. Nd6
Qe5 22. Nc4 Qc7 23. Nxe6 Qe7 24. Nxf8 Qxf8 25. Rd6 Bxa4 26. Rxg6 Kh7 27. Qg4 Bb5
28. Qxe4 Kh8 29. b3 Re8 30. Qb7 Rb8 31. Qd5 Be8 32. Rxa6 1-0

[Event "Titled Tue 10th Jun Late"]
[Site "chess.com INT"]
[Date "2025.06.10"]
[Round "9"]
[White "Mizzi, Jack"]
[Black "Garcia Cuenca, Victor"]
[Result "0-1"]
[WhiteTitle "CM"]
[BlackTitle "FM"]
[WhiteElo "2107"]
[BlackElo "2284"]
[WhiteFideId "5602521"]
[BlackFideId "2250829"]
[EventDate "2025.06.10"]

1. d4 g6 2. c4 Bg7 3. Nf3 d6 4. g3 Nf6 5. Bg2 O-O 6. O-O Nc6 7. Nc3 a6 8. e4 Nd7
9. Be3 Rb8 10. a4 a5 11. Qd2 e5 12. d5 Nb4 13. Bh6 Nc5 14. Bxg7 Kxg7 15. Rab1 f5
16. b3 f4 17. gxf4 Rxf4 18. Qe3 Bg4 19. Nxe5 dxe5 20. Qxc5 Qg5 21. Kh1 Rbf8 22.
Qe3 Nc2 23. Qd2 Nd4 24. f3 Bd7 25. Ne2 Nxe2 26. Qxe2 Rh4 27. Qf2 Qf4 0-1

[Event "Titled Tue 10th Jun Late"]
[Site "chess.com INT"]
[Date "2025.06.10"]
[Round "9"]
[White "Mayaud, Raphael"]
[Black "Garcia Hernandez, Rebeca"]
[Result "1-0"]
[WhiteTitle "CM"]
[BlackTitle "WCM"]
[WhiteElo "2126"]
[BlackElo "1904"]
[WhiteFideId "627151"]
[BlackFideId "5180872"]
[EventDate "2025.06.10"]

1. d4 d5 2. Nf3 c6 3. c4 Nf6 4. Nc3 g6 5. g3 Bg7 6. Bg2 O-O 7. O-O Bf5 8. Qb3 b6
9. Rd1 dxc4 10. Qxc4 Be6 11. Qd3 Nd5 12. e4 Nxc3 13. bxc3 h6 14. a4 a5 15. Rb1
Nd7 16. h3 f5 17. e5 Bf7 18. h4 e6 19. Bf4 Rc8 20. c4 Qc7 21. d5 cxd5 22. cxd5
Nc5 23. Qb5 Nd7 24. d6 Qc6 25. Qxc6 Rxc6 26. Nd4 Rc4 27. Nf3 Rfc8 28. Bf1 R4c5
29. Bb5 Rd8 30. Rdc1 Rxc1+ 31. Rxc1 Nc5 32. Nd4 1-0

[Event "Titled Tue 10th Jun Late"]
[Site "chess.com INT"]
[Date "2025.06.10"]
[Round "9"]
[White "Montano Vicente, Guadalupe"]
[Black "Jimenez Salas, Maria Teresa"]
[Result "1-0"]
[BlackTitle "WIM"]
[WhiteElo "1938"]
[BlackElo "2170"]
[WhiteFideId "5181399"]
[BlackFideId "3843866"]
[EventDate "2025.06.10"]

1. d4 d5 2. c4 c6 3. Nf3 Nf6 4. Nc3 e6 5. Qb3 Nbd7 6. e3 Bd6 7. Bd3 O-O 8. O-O
dxc4 9. Bxc4 b5 10. Bd3 Bb7 11. e4 e5 12. Be3 a6 13. Rfd1 Qc7 14. Rac1 exd4 15.
Bxd4 Ne5 16. Nxe5 Bxe5 17. Bxe5 Qxe5 18. h3 c5 19. a4 c4 20. Bxc4 Nxe4 21. Nxe4
Qxe4 22. Bf1 bxa4 23. Qc4 Rab8 24. Rd4 Qe5 25. Qxa4 a5 26. Rcd1 Ba8 27. b3 g6
28. R1d2 Qc5 29. Rc4 Qg5 30. Rd3 Rb6 31. Rdc3 Ra6 32. Rc5 Qf6 33. Bxa6 Qxa6 34.
Qxa5 Qb7 35. Rg3 Qe4 36. Qc3 Bd5 37. b4 h5 38. Qd3 Qe1+ 39. Kh2 Qe6 40. Qxd5 1-0

[Event "Titled Tue 10th Jun Late"]
[Site "chess.com INT"]
[Date "2025.06.10"]
[Round "9"]
[White "Araujo Filho, Luiz Antonio Coel"]
[Black "Kucza, Karol"]
[Result "1-0"]
[BlackTitle "FM"]
[WhiteElo "2077"]
[BlackElo "2316"]
[WhiteFideId "2130661"]
[BlackFideId "1159755"]
[EventDate "2025.06.10"]

1. d4 Nf6 2. Nf3 e6 3. e3 b6 4. Bd3 Be7 5. Nbd2 O-O 6. Qe2 d5 7. e4 dxe4 8. Nxe4
Bb7 9. O-O Nbd7 10. Neg5 c5 11. c3 cxd4 12. cxd4 h6 13. Nxe6 fxe6 14. Qxe6+ Kh8
15. Nh4 g5 16. Ng6+ Kg7 17. Qxe7+ Qxe7 18. Nxe7 Ne4 19. f3 Nd6 20. Bd2 Rae8 21.
Rae1 Rf7 22. Ng6 Rd8 23. Bb4 Nf5 24. Bxf5 Rxf5 25. Ne5 Nf6 26. Rc1 Nd5 27. Bc3
h5 28. Rfe1 Nf4 29. Re3 Nd5 30. Re2 Nf4 31. Rd2 Ba6 32. Re1 Nd5 33. Nc6 Rd7 34.
Re5 Rxe5 35. dxe5 Bb5 36. e6+ Nxc3 37. exd7 1-0

[Event "Titled Tue 10th Jun Late"]
[Site "chess.com INT"]
[Date "2025.06.10"]
[Round "9"]
[White "Kosteniuk, Alexandra"]
[Black "Bratovic, Blaz"]
[Result "1-0"]
[WhiteTitle "GM"]
[BlackTitle "IM"]
[WhiteElo "2474"]
[BlackElo "2319"]
[WhiteFideId "4128125"]
[BlackFideId "14603551"]
[EventDate "2025.06.10"]

1. e4 c5 2. d4 cxd4 3. Qxd4 Nc6 4. Qd3 Nf6 5. Nc3 g6 6. Nf3 Bg7 7. Be2 d6 8. O-O
O-O 9. Nd5 Nd7 10. c3 e6 11. Ne3 Nde5 12. Nxe5 Nxe5 13. Qc2 b6 14. f4 Nd7 15.
Rd1 Qe7 16. Bf3 Bb7 17. b3 Rac8 18. Bb2 Nc5 19. Rac1 f5 20. e5 dxe5 21. Bxb7
Qxb7 22. Nc4 Rcd8 23. Nxe5 Bxe5 24. fxe5 Qe4 25. Qxe4 Nxe4 26. Ba3 Rxd1+ 27.
Rxd1 Rc8 28. c4 Rc7 29. Rd3 g5 30. Kf1 Kf7 31. Ke2 h5 32. Bb4 h4 33. Rd8 Kg6 34.
Bd6 Rh7 35. b4 h3 36. gxh3 Rxh3 37. c5 bxc5 38. bxc5 Rxh2+ 39. Kd3 Rh3+ 40. Kd4
Rh1 41. c6 Rd1+ 42. Ke3 Re1+ 43. Kd3 Rd1+ 44. Kc2 Rd2+ 45. Kc1 Rd4 46. c7 Rc4+
47. Kd1 Nxd6 48. exd6 1-0

[Event "Titled Tue 10th Jun Late"]
[Site "chess.com INT"]
[Date "2025.06.10"]
[Round "9"]
[White "Hungaski, Robert"]
[Black "Estrada Nieto, Julian"]
[Result "1/2-1/2"]
[WhiteTitle "GM"]
[BlackTitle "IM"]
[WhiteElo "2477"]
[BlackElo "2181"]
[WhiteFideId "2021030"]
[BlackFideId "5101018"]
[EventDate "2025.06.10"]

1. h3 e5 2. e3 Nf6 3. d4 exd4 4. exd4 d5 5. Nf3 Bd6 6. c4 O-O 7. c5 Re8+ 8. Be2
Bf8 9. O-O b6 10. cxb6 axb6 11. Nc3 Nc6 12. Bf4 Bd6 13. Bb5 Bd7 14. Bxd6 cxd6
15. Bxc6 Bxc6 16. Qb3 Qb8 17. Rfe1 Qb7 18. Nd2 h6 19. a4 Qa6 20. Qc2 Rac8 21.
Rxe8+ Bxe8 22. Qf5 Bd7 23. Qf4 b5 24. a5 b4 25. Nd1 Rc2 26. Nf3 Ne4 27. Ne3 Rxf2
28. Qh4 Qe2 29. Qd8+ Kh7 30. Qxd7 Qxe3 31. Qf5+ Kg8 32. Qc8+ Kh7 33. Qf5+ Kg8
34. Qc8+ Kh7 35. Qf5+ 1/2-1/2

[Event "Titled Tue 10th Jun Late"]
[Site "chess.com INT"]
[Date "2025.06.10"]
[Round "9"]
[White "Materia, Marco"]
[Black "Erigaisi, Arjun"]
[Result "0-1"]
[WhiteTitle "IM"]
[BlackTitle "GM"]
[WhiteElo "2489"]
[BlackElo "2782"]
[WhiteFideId "45150451"]
[BlackFideId "35009192"]
[EventDate "2025.06.10"]

1. Nf3 b6 2. g3 Bb7 3. Bg2 g6 4. O-O Bg7 5. c4 e5 6. Nc3 Ne7 7. d3 O-O 8. Bd2 f5
9. Rc1 d6 10. b4 Nd7 11. Nxe5 Bxg2 12. Nxd7 Bxf1 13. Nxf8 Bxe2 14. Qxe2 Qxf8 15.
b5 Qf7 16. Re1 Bf6 17. h4 d5 18. Nxd5 Nxd5 19. cxd5 Qxd5 20. Qe6+ Qxe6 21. Rxe6
Kf7 22. Rc6 Be5 23. Kg2 Rd8 24. Bf4 Bxf4 25. gxf4 Rd7 26. Kf1 Ke7 27. Ke2 Kd8
28. h5 gxh5 29. Rh6 Rd5 30. a4 Rd4 31. Ke3 Rxa4 32. Rxh5 Ra5 33. Rxf5 a6 34.
Rd5+ Kc8 35. f5 Rxb5 36. Rd4 Rxf5 37. Rh4 h5 38. f4 Kd7 39. Ke4 Ke6 40. Rh1 a5
41. d4 a4 42. Rc1 Ra5 43. Rxc7 a3 44. f5+ Kd6 45. Rc1 a2 46. Ra1 h4 47. Kd3 h3
48. Kc3 h2 49. Kb2 Rxf5 50. Rh1 Rf2+ 51. Ka1 Rg2 52. d5 Rg1+ 53. Kxa2 Rxh1 0-1

[Event "Titled Tue 10th Jun Late"]
[Site "chess.com INT"]
[Date "2025.06.10"]
[Round "9"]
[White "Haddouche, Mohamed"]
[Black "Paravyan, David"]
[Result "0-1"]
[WhiteTitle "GM"]
[BlackTitle "GM"]
[WhiteElo "2490"]
[BlackElo "2589"]
[WhiteFideId "7900660"]
[BlackFideId "4194985"]
[EventDate "2025.06.10"]

1. e4 c5 2. Nf3 Nc6 3. Bb5 e6 4. O-O Nd4 5. Nxd4 cxd4 6. c3 a6 7. Be2 Bc5 8. b4
Ba7 9. Bb2 Ne7 10. Na3 d5 11. exd5 Nxd5 12. Bf3 O-O 13. Qb3 b5 14. Nc2 Bb7 15.
a4 Qg5 16. cxd4 bxa4 17. Rxa4 Bc6 18. Raa1 Bb5 19. Rfe1 Rad8 20. g3 Qxd2 21.
Rad1 Qg5 22. Ne3 Bc6 23. Nxd5 Bxd5 24. Bxd5 Rxd5 25. Qe3 Qe7 26. Ra1 Qxb4 27.
Ba3 Qxd4 28. Bxf8 Qxa1 29. Rxa1 Bxe3 30. fxe3 Kxf8 31. Rxa6 Rd1+ 32. Kg2 Rd2+
33. Kg1 Re2 34. Ra3 f5 35. h4 Kf7 36. Kf1 Rb2 37. Ra5 Kf6 38. Rc5 h6 39. Rc4 Ke5 0-1

[Event "Titled Tue 10th Jun Late"]
[Site "chess.com INT"]
[Date "2025.06.10"]
[Round "9"]
[White "Hadzovic, Amir"]
[Black "Krzywda, Andrzej"]
[Result "1-0"]
[WhiteTitle "FM"]
[BlackTitle "CM"]
[WhiteElo "2354"]
[BlackElo "2175"]
[WhiteFideId "14402300"]
[BlackFideId "1114565"]
[EventDate "2025.06.10"]

1. e4 c5 2. Nc3 a6 3. f4 b5 4. Nf3 e6 5. g3 Bb7 6. d3 Ne7 7. Bg2 d5 8. O-O g6 9.
f5 gxf5 10. Ne5 b4 11. exf5 Nxf5 12. Rxf5 exf5 13. Qh5 Qe7 14. Nxd5 Qxe5 15. Bf4
Qd4+ 16. Be3 Qe5 17. Re1 Bxd5 18. Bf2 Be4 19. dxe4 Be7 20. exf5 Qxb2 21. Bxa8
Nd7 22. Bc6 Kd8 23. Qxf7 Re8 24. Qd5 Bd6 25. Rxe8+ Kxe8 26. Qe6+ Be7 27. Qxd7+
Kf8 28. Qc8+ Kg7 29. Qe6 Kf8 30. Bd5 Qc1+ 31. Kg2 1-0

[Event "Titled Tue 10th Jun Late"]
[Site "chess.com INT"]
[Date "2025.06.10"]
[Round "9"]
[White "Anandh, Vijay Srinivas"]
[Black "Castillo Pena, Patricia Evarista"]
[Result "1-0"]
[BlackTitle "WFM"]
[WhiteElo "2011"]
[BlackElo "1909"]
[WhiteFideId "30975794"]
[BlackFideId "6412106"]
[EventDate "2025.06.10"]

1. e4 c5 2. d4 cxd4 3. Qxd4 Nc6 4. Qd3 d6 5. Nc3 Nf6 6. Nf3 e6 7. Bf4 Be7 8.
O-O-O O-O 9. Bxd6 Bxd6 10. Qxd6 Qb6 11. Qg3 Nb4 12. a3 Nc6 13. e5 Nd7 14. Bd3 g6
15. h4 Qc5 16. Ne4 Qe7 17. h5 Rd8 18. hxg6 fxg6 19. Neg5 Nf8 20. Nxh7 Nxh7 21.
Qxg6+ Qg7 22. Qxg7+ Kxg7 23. Rxh7+ Kg8 24. Rdh1 Rxd3 25. cxd3 b6 26. Rc7 Nd8 27.
Ng5 Ba6 28. Kd2 Rc8 29. Rxc8 Bxc8 30. Rh7 Ba6 31. Rxa7 Bb5 32. Ra8 1-0

[Event "Titled Tue 10th Jun Late"]
[Site "chess.com INT"]
[Date "2025.06.10"]
[Round "9"]
[White "Mishra, Abhimanyu"]
[Black "Sieciechowicz, Marcin"]
[Result "1-0"]
[WhiteTitle "GM"]
[BlackTitle "IM"]
[WhiteElo "2611"]
[BlackElo "2413"]
[WhiteFideId "30920019"]
[BlackFideId "1130170"]
[EventDate "2025.06.10"]

1. e4 e6 2. d4 d5 3. Nc3 Bb4 4. e5 c5 5. a3 Bxc3+ 6. bxc3 Qa5 7. Bd2 Qa4 8. Qg4
g6 9. Nf3 Nc6 10. Qf4 c4 11. Rc1 Bd7 12. Be2 h6 13. O-O Nge7 14. h3 Rh7 15. Nh2
h5 16. Nf3 Ng8 17. Ng5 Rg7 18. g4 hxg4 19. hxg4 Qxa3 20. Kg2 Qe7 21. Rh1 f6 22.
exf6 Qxf6 23. Qg3 O-O-O 24. Bxc4 dxc4 25. Ne4 Qf8 26. Nd6+ Kb8 27. Rb1 b6 28.
Nxc4+ Ka8 29. Qc7 Rb8 30. Nxb6+ axb6 31. Ra1+ Na5 32. Rxa5+ bxa5 33. Qxa5+ Kb7
34. Rb1+ Kc8 35. Qa6+ Kc7 36. Qa7+ Kd6 37. Qc5# 1-0

[Event "Titled Tue 10th Jun Late"]
[Site "chess.com INT"]
[Date "2025.06.10"]
[Round "9"]
[White "Winkels, Marcel"]
[Black "Demchenko, Svitlana"]
[Result "0-1"]
[WhiteTitle "CM"]
[BlackTitle "WIM"]
[WhiteElo "1905"]
[BlackElo "2135"]
[WhiteFideId "1003887"]
[BlackFideId "14149893"]
[EventDate "2025.06.10"]

1. e4 d5 2. exd5 Nf6 3. d4 Nxd5 4. Nf3 g6 5. c4 Nb6 6. Nc3 Bg7 7. Be2 O-O 8. O-O
Bf5 9. Bg5 h6 10. Bh4 Nc6 11. d5 Ne5 12. Nxe5 Bxe5 13. Qd2 Qd7 14. Qxh6 Bg7 15.
Qd2 c6 16. Rfd1 Rac8 17. Rac1 Rfd8 18. d6 Qxd6 19. Qxd6 Rxd6 20. Bxe7 Re6 21. g4
Rxe7 22. gxf5 Bxc3 23. Bg4 Bf6 24. fxg6 Rf8 25. Rd6 Bxb2 26. Rcd1 Be5 27. Rd8
fxg6 28. Rxf8+ Kxf8 29. Kg2 Kf7 30. Bf3 Nxc4 31. Rd8 Nd6 32. Ra8 a6 33. a4 Kf6
34. a5 Nc4 35. Rf8+ Rf7 0-1

[Event "Titled Tue 10th Jun Late"]
[Site "chess.com INT"]
[Date "2025.06.10"]
[Round "9"]
[White "Kjaergaard-Jensen, Jesper"]
[Black "Lira, Suan Bruno Fernandes"]
[Result "0-1"]
[WhiteTitle "CM"]
[WhiteElo "2081"]
[BlackElo "2163"]
[WhiteFideId "1406990"]
[BlackFideId "22794620"]
[EventDate "2025.06.10"]

1. d4 d5 2. Nf3 Nf6 3. Bg5 Ne4 4. h4 Nxg5 5. hxg5 g6 6. Ne5 Bg7 7. e3 Nd7 8. f4
Nxe5 9. dxe5 c5 10. c3 O-O 11. Nd2 d4 12. exd4 cxd4 13. Ne4 dxc3 14. Nxc3 Qb6
15. Qe2 Be6 16. Qf2 Qxf2+ 17. Kxf2 f6 18. exf6 exf6 19. gxf6 Bxf6 20. g3 Rfd8
21. Ke1 Re8 22. Kd2 Rad8+ 23. Kc2 Bf5+ 24. Kb3 Re3 25. Bc4+ Kg7 26. Rad1 Rxd1
27. Rxd1 Rxg3 28. Kb4 Rf3 29. Nd5 Bxb2 30. Kc5 Ba3+ 31. Kd4 b6 0-1

[Event "Titled Tue 10th Jun Late"]
[Site "chess.com INT"]
[Date "2025.06.10"]
[Round "9"]
[White "Oksendal, Martin"]
[Black "Mekhitarian, Krikor Sevag"]
[Result "1/2-1/2"]
[WhiteTitle "FM"]
[BlackTitle "GM"]
[WhiteElo "2235"]
[BlackElo "2564"]
[WhiteFideId "1554107"]
[BlackFideId "2107660"]
[EventDate "2025.06.10"]

1. e4 c5 2. Nf3 Nc6 3. Bb5 Nf6 4. Nc3 Qc7 5. O-O Nd4 6. e5 Nxf3+ 7. Qxf3 Qxe5 8.
d3 e6 9. Ne4 Be7 10. Bd2 Nxe4 11. dxe4 Qxb2 12. Rab1 Qf6 13. Qg3 Qg6 14. Qh3 O-O
15. e5 f5 16. exf6 Qxf6 17. Rb3 a6 18. Bd3 Qh4 19. Qxh4 Bxh4 20. Bxh7+ Kxh7 21.
Rh3 Kg8 22. Rxh4 b5 23. Be3 c4 24. Rd1 Rf7 25. Rd6 Bb7 26. Rhd4 Bc6 27. f4 Rf5
28. c3 Re8 29. Bf2 e5 30. fxe5 Rexe5 31. Rd2 Kf7 32. R6d4 g5 33. h3 Re6 34. Rg4
Kg6 35. Bd4 Re4 36. Rxe4 Bxe4 37. Rf2 Bc6 38. g4 Rf3 39. Rxf3 Bxf3 40. Kf2 Be4
41. a3 Bd5 42. Kg3 Bc6 43. h4 gxh4+ 44. Kxh4 Bf3 45. Kg3 Bd1 46. Kf4 Kf7 47. Ke5
Bxg4 48. Kd6 Bf5 49. Kc5 Ke6 50. Kb6 Kd5 51. Kxa6 Kc6 52. Ka5 Bd3 53. a4 bxa4
54. Kxa4 Kd5 55. Kb4 Ke4 1/2-1/2

[Event "Titled Tue 10th Jun Late"]
[Site "chess.com INT"]
[Date "2025.06.10"]
[Round "9"]
[White "Ngo, Quang Thai"]
[Black "Zilberstein, Dmitry"]
[Result "0-1"]
[WhiteTitle "FM"]
[BlackTitle "IM"]
[WhiteElo "2326"]
[BlackElo "2358"]
[WhiteFideId "12403768"]
[BlackFideId "2010739"]
[EventDate "2025.06.10"]

1. d4 d6 2. e4 Nf6 3. Nc3 g6 4. Be3 Bg7 5. Qd2 a6 6. f3 b5 7. a3 h5 8. O-O-O
Nbd7 9. Kb1 Nb6 10. e5 Nfd5 11. Nxd5 Nxd5 12. Bg5 Be6 13. Ne2 dxe5 14. dxe5 Bxe5
15. Nd4 Bxd4 16. Qxd4 f6 17. Bd3 Kf7 18. Bc1 Qd6 19. Rhe1 c5 20. Qh4 Rad8 21. f4
Bg4 22. Rd2 Qc7 23. h3 Bf5 24. Bxf5 gxf5 25. Rde2 c4 26. Qf2 h4 27. Qf3 c3 28.
b3 a5 29. Rd1 Qc5 30. Qd3 Nb6 31. Qe3 Qxe3 32. Bxe3 Rxd1+ 0-1

[Event "Titled Tue 10th Jun Late"]
[Site "chess.com INT"]
[Date "2025.06.10"]
[Round "9"]
[White "Khodabandeh, Milad"]
[Black "Mafra, Kaiser Luiz"]
[Result "1-0"]
[WhiteTitle "CM"]
[BlackTitle "CM"]
[WhiteElo "1957"]
[BlackElo "2076"]
[WhiteFideId "12538620"]
[BlackFideId "2106698"]
[EventDate "2025.06.10"]

1. e4 c5 2. Nf3 d6 3. d4 cxd4 4. Nxd4 Nf6 5. Nc3 g6 6. f3 Bg7 7. Be3 Nbd7 8. Qd2
h5 9. O-O-O a6 10. Kb1 b5 11. a4 b4 12. Nd5 Nxd5 13. exd5 Qa5 14. Nc6 Qxa4 15.
Bd4 O-O 16. Nxe7+ Kh7 17. Bxg7 Kxg7 18. Nc6 a5 19. Qd4+ Kh7 20. g4 hxg4 21. fxg4
Ne5 22. Bg2 Bxg4 23. Rdf1 Bh5 24. Nxe5 dxe5 25. Qxe5 Rae8 26. Qc7 g5 27. Be4+
Kh6 28. Bd3 b3 29. Rf6+ Kg7 30. Qc3 bxc2+ 31. Bxc2 Qb4 32. Rg6+ Kh7 33. Qg7# 1-0

[Event "Titled Tue 10th Jun Late"]
[Site "chess.com INT"]
[Date "2025.06.10"]
[Round "9"]
[White "Veiga, Emerson de Sousa"]
[Black "Garcia, Angie"]
[Result "1/2-1/2"]
[BlackTitle "WIM"]
[WhiteElo "2150"]
[BlackElo "1996"]
[WhiteFideId "2151898"]
[BlackFideId "6702503"]
[EventDate "2025.06.10"]

1. e4 e6 2. d4 d5 3. Nc3 Bb4 4. Ne2 dxe4 5. a3 Bxc3+ 6. Nxc3 c5 7. dxc5 Qxd1+ 8.
Nxd1 e5 9. Bb5+ Bd7 10. Nc3 f5 11. O-O Nc6 12. Nd5 O-O-O 13. c3 a6 14. Ba4 Be6
15. Nb6+ Kc7 16. Bg5 Nf6 17. Bxf6 gxf6 18. Rfd1 Rxd1+ 19. Rxd1 Rd8 20. Rxd8 Kxd8
21. Kf1 Ne7 22. Ke2 Nd5 23. Nxd5 Bxd5 24. g3 f4 25. Bc2 fxg3 26. hxg3 f5 27. Ke3
Ke7 28. f3 f4+ 29. gxf4 exf4+ 30. Kxf4 exf3 31. Bxh7 f2 32. Bd3 Bg2 33. c6 b5
34. c4 f1=Q+ 35. Bxf1 Bxf1 36. cxb5 axb5 37. Ke5 Bc4 38. c7 Kd7 39. c8=Q+ Kxc8
40. Kd6 Kb7 41. Kc5 Ka6 42. a4 Be2 43. axb5+ Bxb5 44. Kb4 1/2-1/2

[Event "Titled Tue 10th Jun Late"]
[Site "chess.com INT"]
[Date "2025.06.10"]
[Round "9"]
[White "Banerjee, Supratit"]
[Black "Thorhallsson, Simon"]
[Result "1-0"]
[WhiteTitle "FM"]
[BlackTitle "FM"]
[WhiteElo "2311"]
[BlackElo "2202"]
[WhiteFideId "2410079"]
[BlackFideId "2310090"]
[EventDate "2025.06.10"]

1. e4 c5 2. c3 g6 3. d4 cxd4 4. cxd4 d5 5. e5 Nc6 6. h3 f6 7. Nf3 Bg7 8. exf6
Nxf6 9. Nc3 O-O 10. Bb5 Ne4 11. O-O Nxc3 12. bxc3 Qc7 13. Re1 Bf5 14. Qe2 Be4
15. Ng5 Nxd4 16. cxd4 Bxd4 17. Nxe4 Bxa1 18. Bh6 Bg7 19. Bxg7 Kxg7 20. Ng5 Rf6
21. Ne6+ Rxe6 22. Qxe6 a6 23. Ba4 Rf8 24. Qxe7+ Qxe7 25. Rxe7+ Kf6 26. Rxb7 Ke5
27. Bb3 d4 28. Rxh7 d3 29. Rd7 Ke4 30. Bc4 Rc8 31. Bxd3+ Kf4 32. Bxg6 a5 33.
Rd4+ Kg5 34. Be4 a4 35. Rxa4 Rc5 36. Bf3 Re5 37. Rd4 Kf6 38. a4 Re1+ 39. Kh2 Ra1
40. h4 Kg7 41. h5 Kh6 42. Rd6+ Kg5 43. Rg6+ Kf4 44. h6 Rxa4 45. h7 Ra5 46. Rg4+ 1-0

[Event "Titled Tue 10th Jun Late"]
[Site "chess.com INT"]
[Date "2025.06.10"]
[Round "9"]
[White "Wang, Michael"]
[Black "Kodihalli, Kaustubh"]
[Result "0-1"]
[WhiteElo "1868"]
[BlackElo "2038"]
[WhiteFideId "30920531"]
[BlackFideId "30956455"]
[EventDate "2025.06.10"]

1. e4 c5 2. Be2 Nc6 3. d3 g6 4. f4 Bg7 5. Nf3 d6 6. O-O Nf6 7. Qe1 O-O 8. c3 b5
9. Qh4 Bb7 10. Na3 b4 11. cxb4 Nxb4 12. Bd2 a5 13. Bc3 Ba6 14. Rad1 Nxe4 15.
Bxg7 Kxg7 16. f5 Nf6 17. Nc4 Bxc4 18. dxc4 Nxa2 19. Ne5 Qc7 20. Ng4 Nxg4 21.
Bxg4 Nb4 22. f6+ exf6 23. Qxf6+ Kg8 24. h4 Qd8 25. h5 Qxf6 26. Rxf6 Kg7 27.
Rfxd6 Rae8 28. Kf2 Re4 29. Be2 Rfe8 30. R1d2 R8e5 31. hxg6 hxg6 32. Rd7 Rf4+ 33.
Bf3 g5 34. Kg3 Rf6 35. Ra7 Rf4 36. Rdd7 Kg6 37. Rxa5 Rxc4 38. Raa7 Rf4 39. Rd6+
Rf6 40. Rd8 Rf4 41. Rd6+ Kg7 42. Rdd7 Nc2 43. Bh5 Re3+ 44. Bf3 Nd4 45. Rac7 Re5
46. Re7 Nf5+ 47. Kf2 Nxe7 0-1

[Event "Titled Tue 10th Jun Late"]
[Site "chess.com INT"]
[Date "2025.06.10"]
[Round "9"]
[White "Montejo Bello, Lorena Beatriz"]
[Black "Brady, Tyson"]
[Result "1-0"]
[WhiteTitle "WFM"]
[BlackTitle "CM"]
[WhiteElo "2090"]
[BlackElo "2170"]
[WhiteFideId "3529045"]
[BlackFideId "30970369"]
[EventDate "2025.06.10"]

1. e4 g6 2. d4 Bg7 3. Nc3 d6 4. Be3 a6 5. Qd2 b5 6. Bd3 Bb7 7. a4 b4 8. Nce2 a5
9. Nf3 Nd7 10. Ng3 c5 11. c3 cxd4 12. cxd4 Ngf6 13. O-O O-O 14. Rac1 e5 15. d5
Ng4 16. Bg5 f6 17. Be3 Nxe3 18. Qxe3 Nc5 19. Bb5 Bc8 20. b3 f5 21. exf5 gxf5 22.
Qg5 Qxg5 23. Nxg5 Bh6 24. Rxc5 dxc5 25. Ne6 Bxe6 26. dxe6 Bg5 27. Nh5 Rad8 28.
Re1 e4 29. Bd7 Rxd7 30. exd7 Rd8 31. Rd1 Kf7 32. Kf1 Ke6 33. Ng7+ Ke5 34. Ke2
Bh6 35. Ne8 Bf8 36. Nc7 c4 37. bxc4 b3 38. c5 Bxc5 39. Rd5+ Kf6 40. Rxc5 Rxd7
41. Nd5+ Ke6 42. Nf4+ Kd6 43. Rb5 Rc7 44. Rxb3 Rc2+ 45. Ke3 Ra2 46. f3 Ke7 47.
fxe4 fxe4 48. Kxe4 Rxa4+ 49. Kf3 Rb4 50. Nd5+ Kd6 51. Nxb4 1-0